[Event "Quebec-ch U14"]
[Site "Montreal CAN"]
[Date "2011.11.27"]
[Round "4"]
[White "Johnson, Nicholas"]
[Black "Shi, Yang Tian Jiao (Sky"]
[Result "1-0"]
[WhiteElo "1497"]
[BlackElo "1693"]
[PlyCount "89"]
[GameId "2160767909573425"]
[EventDate "2011.11.25"]
[EventType "swiss"]
[EventRounds "5"]
[EventCountry "CAN"]
[SourceTitle "hb 2012"]

1. c4 Nf6 2. g3 g6 3. Bg2 Bg7 4. Nc3 O-O 5. e4 d6 6. Nge2 Nc6 7. O-O Ne5 8. d3 Bg4 9. f4 Nc6 10. Be3 e5 11. Qd2 Re8 12. h3 Bxe2 13. Nxe2 Qd7 14. b4 a6 15. Rab1 Ne7 16. Nc3 c6 17. a4 Rac8 18. b5 axb5 19. axb5 c5 20. Na4 Qc7 21. fxe5 dxe5 22. Nxc5 Rcd8 23. Ra1 Nd7 24. Nb3 b6 25. Ra6 Nc8 26. Rfa1 Nc5 27. Bxc5 bxc5 28. Rc6 Qd7 29. Bf1 Bf8 30. Qf2 f5 31. Nxc5 Bxc5 32. Rxc5 fxe4 33. Rd5 Qe7 34. dxe4 Nd6 35. Qc5 Rd7 36. Qe3 Rc7 37. c5 Nb7 38. c6 Nd6 39. Rad1 Nf7 40. Rd7 Rxd7 41. Rxd7 Qe6 42. Qd3 Rc8 43. Qd5 Qf6 44. Bc4 Rf8 45. Rxf7 1-0

[Event "Quebec-ch U14"]
[Site "Montreal CAN"]
[Date "2011.11.27"]
[Round "4"]
[White "Nikulich, Andrey"]
[Black "Zhang, Raymes"]
[Result "1-0"]
[WhiteElo "1379"]
[BlackElo "1346"]
[PlyCount "79"]
[GameId "2160767909573426"]
[EventDate "2011.11.25"]
[EventType "swiss"]
[EventRounds "5"]
[EventCountry "CAN"]
[SourceTitle "hb 2012"]

1. e4 c5 2. Nf3 Nc6 3. d4 cxd4 4. Nxd4 Nf6 5. Nc3 e6 6. Bg5 h6 7. Bh4 g5 8. Bg3 Bb4 9. f3 d5 10. Nxc6 bxc6 11. Be5 c5 12. Bb5+ Bd7 13. Bxd7+ Qxd7 14. Bxf6 O-O 15. O-O d4 16. Ne2 Qd6 17. e5 Qd5 18. Qd3 c4 19. Qe4 Qxe4 20. fxe4 Bc5 21. Kh1 Rfc8 22. Rfd1 Rab8 23. Rab1 a5 24. Nxd4 Bxd4 25. Rxd4 c3 26. b3 Kh7 27. Rd7 a4 28. Rxf7+ Kg8 29. Ra7 Rc4 30. Kg1 Rxe4 31. Kf1 Rf8 32. Rg7+ Kh8 33. Re7+ Kg8 34. Rxe6 Rxf6+ 35. Rxf6 Rxe5 36. bxa4 Ra5 37. Rc6 Rxa4 38. Rb8+ Kg7 39. Rb7+ Kf8 40. Rc8# 1-0

[Event "Quebec-ch U14"]
[Site "Montreal CAN"]
[Date "2011.11.27"]
[Round "5"]
[White "Manailoiu, Dragos"]
[Black "Smirnov, Arteme"]
[Result "1-0"]
[WhiteElo "1799"]
[BlackElo "1380"]
[PlyCount "95"]
[GameId "2160767909573427"]
[EventDate "2011.11.25"]
[EventType "swiss"]
[EventRounds "5"]
[EventCountry "CAN"]
[SourceTitle "hb 2012"]

1. d4 Nf6 2. c4 g6 3. Nc3 d5 4. cxd5 Nxd5 5. e4 Nxc3 6. bxc3 c5 7. Nf3 Bg7 8. Rb1 O-O 9. Be2 Nc6 10. d5 Ne5 11. Nxe5 Bxe5 12. Bd2 e6 13. f4 Bg7 14. c4 Bd4 15. Qc2 Qh4+ 16. g3 Qf6 17. e5 Qd8 18. d6 b6 19. Bf3 Rb8 20. Bc3 Bxc3+ 21. Qxc3 Bb7 22. O-O h5 23. Bxb7 Rxb7 24. a4 h4 25. g4 Qd7 26. Ra1 Qc6 27. Rfe1 Kg7 28. f5 Rd7 29. f6+ Kh7 30. g5 Rh8 31. Qd3 Kg8 32. Qe4 Qxe4 33. Rxe4 Rh5 34. Rg4 Kf8 35. a5 Ke8 36. axb6 axb6 37. Rg2 h3 38. Ra8+ Rd8 39. d7+ Kxd7 40. Rd2+ Kc7 41. Raxd8 Rxg5+ 42. Kf2 Rxe5 43. R8d7+ Kc8 44. Rxf7 Re4 45. Rf8+ Kc7 46. f7 Rf4+ 47. Kg3 Rf5 48. Rf2 1-0

[Event "Quebec-ch U14"]
[Site "Montreal CAN"]
[Date "2011.11.27"]
[Round "5"]
[White "Shi, Yang Tian Jiao (Sky"]
[Black "Nikulich, Andrey"]
[Result "1-0"]
[WhiteElo "1693"]
[BlackElo "1379"]
[PlyCount "75"]
[GameId "2160767909573428"]
[EventDate "2011.11.25"]
[EventType "swiss"]
[EventRounds "5"]
[EventCountry "CAN"]
[SourceTitle "hb 2012"]

1. d4 c5 2. dxc5 Qa5+ 3. Nc3 Qxc5 4. Nf3 Nf6 5. Bf4 e6 6. e4 Qb4 7. Bd3 Bc5 8. Rb1 Qb6 9. O-O Nc6 10. Nb5 Qd8 11. Nc7+ Kf8 12. Nxa8 d6 13. e5 Nd5 14. Bg5 f6 15. exf6 gxf6 16. Bh6+ Ke7 17. a3 a6 18. c4 Nc7 19. Nxc7 Qxc7 20. Re1 e5 21. Be3 Bxe3 22. Rxe3 Rg8 23. Bxh7 Rg7 24. Bd3 Qd7 25. Nh4 Nd4 26. Rg3 Rf7 27. Ng6+ Kd8 28. b4 b6 29. Be4 f5 30. Bd5 Rh7 31. Nf8 Qe7 32. Nxh7 Qxh7 33. Rh3 Qe7 34. Qh5 Bd7 35. Qh4 Qxh4 36. Rxh4 e4 37. Rd1 Nc2 38. Bb7 1-0

[Event "Quebec-ch U14"]
[Site "Montreal CAN"]
[Date "2011.11.27"]
[Round "5"]
[White "Zhang, Raymes"]
[Black "Johnson, Nicholas1"]
[Result "0-1"]
[WhiteElo "1346"]
[BlackElo "1497"]
[PlyCount "76"]
[GameId "2160767909573429"]
[EventDate "2011.11.25"]
[EventType "swiss"]
[EventRounds "5"]
[EventCountry "CAN"]
[SourceTitle "EXT 2022"]
[Source "ChessBase"]
[SourceDate "2021.10.06"]
[SourceVersion "1"]
[SourceVersionDate "2021.10.06"]
[SourceQuality "1"]

1. d4 Nf6 2. c4 e6 3. Nc3 Bb4 4. Bd2 b6 5. e4 Bxc3 6. Bxc3 Nxe4 7. Qc2 d5 8. Bd3 Nxc3 9. Qxc3 dxc4 10. Bxc4 O-O 11. Nf3 Bb7 12. Rd1 Qf6 13. Rd3 Rd8 14. O-O Bxf3 15. gxf3 Nc6 16. Rfd1 Ne7 17. Ba6 Nd5 18. Qd2 Nf4 19. Rc3 Qg5+ 20. Kf1 Qg2+ 21. Ke1 Qxh2 22. Bc4 c5 23. Qe3 Ng2+ 24. Ke2 Nxe3 25. Kxe3 cxd4+ 26. Rxd4 Rxd4 27. Kxd4 Qxf2+ 28. Ke4 Qh4+ 29. f4 g5 30. Rf3 Qe1+ 31. Re3 f5+ 32. Kf3 g4+ 33. Kg2 Qxe3 34. b4 Qf3+ 35. Kg1 g3 36. Bxe6+ Kg7 37. Bd5 Qf2+ 38. Kh1 Qh2# 0-1

[Event "Quebec-ch U16"]
[Site "Montreal CAN"]
[Date "2011.11.25"]
[Round "1"]
[White "Bershtein, Anry Samuel"]
[Black "Cote-Lalumiere, Tristan"]
[Result "0-1"]
[WhiteElo "1192"]
[BlackElo "1868"]
[PlyCount "56"]
[GameId "2160767909573430"]
[EventDate "2011.11.25"]
[EventType "swiss"]
[EventRounds "5"]
[EventCountry "CAN"]
[SourceTitle "hb 2012"]

1. e4 c5 2. Nf3 d6 3. d4 cxd4 4. c3 d3 5. Bxd3 Nf6 6. Nbd2 g6 7. O-O Bg7 8. Nc4 O-O 9. e5 dxe5 10. Nfxe5 Qc7 11. f3 b5 12. Qe2 bxc4 13. Nxc4 Ba6 14. b3 Nd5 15. Bb2 Nxc3 16. Bxc3 Bxc3 17. Rac1 Bd4+ 18. Ne3 Qb6 19. Kf2 Bxe3+ 20. Qxe3 Bxd3 21. Rfd1 Bf5 22. Qxb6 axb6 23. g4 Rxa2+ 24. Ke1 Be6 25. Rd3 Na6 26. Rc6 Nc5 27. Rxb6 Nxd3+ 28. Kf1 Rc8 0-1

[Event "Quebec-ch U16"]
[Site "Montreal CAN"]
[Date "2011.11.25"]
[Round "1"]
[White "Nikulich, Oleksandr"]
[Black "Kravets, Michael"]
[Result "1-0"]
[WhiteElo "1832"]
[BlackElo "1390"]
[PlyCount "73"]
[GameId "2160767909573431"]
[EventDate "2011.11.25"]
[EventType "swiss"]
[EventRounds "5"]
[EventCountry "CAN"]
[SourceTitle "hb 2012"]

1. e4 e5 2. Nf3 d6 3. d4 exd4 4. Nxd4 h6 5. Nc3 a6 6. Bc4 Nf6 7. O-O Be7 8. Qf3 Nc6 9. Nxc6 bxc6 10. h3 O-O 11. b3 Bb7 12. Ba3 Re8 13. Rad1 c5 14. Bxc5 Qc8 15. Bd4 c6 16. Qg3 Nh5 17. Qg6 Nf6 18. Bxf7+ Kf8 19. Bxe8 Qxe8 20. Qxe8+ Rxe8 21. e5 dxe5 22. Bxe5 Bb4 23. Bd6+ Bxd6 24. Rxd6 Re7 25. Na4 Ne4 26. Rd8+ Kf7 27. Re1 Nf6 28. Rxe7+ Kxe7 29. Rb8 Kd6 30. Rxb7 g5 31. Kf1 Ne4 32. Rh7 Nd2+ 33. Ke2 Ne4 34. Ke3 Kd5 35. c4+ Ke5 36. Re7+ Kf6 37. Rxe4 1-0

[Event "Quebec-ch U16"]
[Site "Montreal CAN"]
[Date "2011.11.25"]
[Round "1"]
[White "Plante, Santiago"]
[Black "Luo, Zhao Yang"]
[Result "0-1"]
[WhiteElo "1971"]
[BlackElo "1133"]
[PlyCount "58"]
[GameId "2160767909573432"]
[EventDate "2011.11.25"]
[EventType "swiss"]
[EventRounds "5"]
[EventCountry "CAN"]
[SourceTitle "hb 2012"]

1. e4 c6 2. d4 d5 3. Nc3 dxe4 4. Nxe4 Bf5 5. Ng3 Bg6 6. Nf3 Nd7 7. h4 h6 8. h5 Bh7 9. Bd3 Bxd3 10. Qxd3 Ngf6 11. Be3 e6 12. O-O-O Be7 13. Ne4 Nxe4 14. Qxe4 Nf6 15. Qd3 O-O 16. Nd2 Nd5 17. a3 b5 18. g4 b4 19. a4 c5 20. dxc5 Qc7 21. Ne4 Rfd8 22. Qc4 Qe5 23. Rde1 Rac8 24. Rhf1 Nxe3 25. Rxe3 Rd4 26. Qe2 Bxc5 27. Nxc5 Qxc5 28. f3 Rc4 29. Rf2 Rxc2+ 0-1

[Event "Quebec-ch U16"]
[Site "Montreal CAN"]
[Date "2011.11.25"]
[Round "1"]
[White "Robillard, Xavier"]
[Black "Sprumont, Oscar"]
[Result "0-1"]
[WhiteElo "993"]
[BlackElo "1817"]
[PlyCount "64"]
[GameId "2160767909573433"]
[EventDate "2011.11.25"]
[EventType "swiss"]
[EventRounds "5"]
[EventCountry "CAN"]
[SourceTitle "hb 2012"]

1. Nf3 d5 2. d4 e6 3. Nc3 c5 4. e3 Nc6 5. Ne5 Bd6 6. Nxc6 bxc6 7. Be2 Nf6 8. O-O Qc7 9. Na4 cxd4 10. exd4 Bxh2+ 11. Kh1 Bd6 12. g3 Ne4 13. Bf4 Bxf4 14. gxf4 Qxf4 15. Nc5 Nxf2+ 16. Kg2 Nxd1 17. Rfxd1 h5 18. Nd3 Qxd4 19. c3 Qe4+ 20. Bf3 Qg6+ 21. Kf2 h4 22. Rg1 Qxd3 23. Rad1 Qc2+ 24. Be2 Ba6 25. Rxg7 Qxe2+ 26. Kg1 Qxd1+ 27. Kh2 Qc2+ 28. Rg2 Qe4 29. Kh3 Qf3+ 30. Kh2 h3 31. Rg3 Qf2+ 32. Rg2 hxg2# 0-1

[Event "Quebec-ch U16"]
[Site "Montreal CAN"]
[Date "2011.11.26"]
[Round "2"]
[White "Cote-Lalumiere, Tristan"]
[Black "Bissonnette, Raphael"]
[Result "1-0"]
[WhiteElo "1868"]
[BlackElo "1071"]
[PlyCount "45"]
[GameId "2160767909573434"]
[EventDate "2011.11.25"]
[EventType "swiss"]
[EventRounds "5"]
[EventCountry "CAN"]
[SourceTitle "hb 2012"]

1. e4 c5 2. Nf3 d6 3. d4 cxd4 4. Nxd4 Nf6 5. Nc3 a6 6. Be2 e6 7. Be3 d5 8. e5 Nfd7 9. f4 Bb4 10. O-O Nc6 11. Kh1 Nxd4 12. Bxd4 O-O 13. Bd3 Nc5 14. Bxc5 Bxc5 15. Qh5 h6 16. Rf3 Kh8 17. g4 f6 18. g5 Qe8 19. Bg6 Qe7 20. gxf6 gxf6 21. Qxh6+ Kg8 22. Rg3 fxe5 23. Be8+ 1-0

[Event "Quebec-ch U16"]
[Site "Montreal CAN"]
[Date "2011.11.26"]
[Round "2"]
[White "Kravets, Michael"]
[Black "Robillard, Xavier"]
[Result "1-0"]
[WhiteElo "1390"]
[BlackElo "993"]
[PlyCount "65"]
[GameId "2160767909573435"]
[EventDate "2011.11.25"]
[EventType "swiss"]
[EventRounds "5"]
[EventCountry "CAN"]
[SourceTitle "hb 2012"]

1. d4 d5 2. h3 Nc6 3. Bf4 Nf6 4. Nc3 Ne4 5. Nxe4 dxe4 6. f3 Be6 7. e3 exf3 8. Nxf3 Bd5 9. Be2 Be4 10. a3 e6 11. O-O Qd7 12. Bd3 Bxf3 13. Qxf3 O-O-O 14. b4 Bd6 15. b5 Na5 16. Bxd6 Qxd6 17. Qg4 f5 18. Qxg7 a6 19. a4 axb5 20. axb5 Rhg8 21. Qxh7 e5 22. Bxf5+ Kb8 23. Rfd1 exd4 24. Rxd4 Qf8 25. Rxa5 Rxd4 26. exd4 Rh8 27. Qd7 Qc8 28. Qxc8+ Rxc8 29. Bxc8 Kxc8 30. c4 b6 31. Ra3 c6 32. bxc6 Kc7 33. d5 1-0

[Event "Quebec-ch U16"]
[Site "Montreal CAN"]
[Date "2011.11.26"]
[Round "2"]
[White "Luo, Zhao Yang"]
[Black "Nikulich, Oleksandr"]
[Result "1-0"]
[WhiteElo "1971"]
[BlackElo "1832"]
[PlyCount "101"]
[GameId "2160767909573436"]
[EventDate "2011.11.25"]
[EventType "swiss"]
[EventRounds "5"]
[EventCountry "CAN"]
[SourceTitle "hb 2012"]

1. d4 Nf6 2. Nf3 g6 3. Bg5 Bg7 4. Nbd2 d5 5. e3 O-O 6. Be2 b6 7. O-O Bb7 8. c3 Nbd7 9. Qa4 c5 10. Qb5 a6 11. Qb3 c4 12. Qc2 b5 13. a4 Bc6 14. axb5 axb5 15. b3 Qc7 16. b4 Ra4 17. Rxa4 bxa4 18. Nb1 h6 19. Bf4 Qb7 20. Ne5 Ne8 21. Nxc6 Qxc6 22. Na3 e5 23. Bg3 Nc7 24. Ra1 Ra8 25. Bd1 exd4 26. exd4 Nb6 27. Qb2 Nb5 28. Nxb5 Qxb5 29. Bc7 h5 30. Bxb6 Qxb6 31. Rxa4 Re8 32. Be2 Qe6 33. Ra2 Qe4 34. Qc2 Qxc2 35. Rxc2 Ra8 36. g3 Rb8 37. Bf3 Rd8 38. Ra2 Bh6 39. b5 Rb8 40. Rb2 Bc1 41. Rc2 Bh6 42. Bxd5 Rxb5 43. Bxc4 Rb1+ 44. Kg2 Rc1 45. Bb3 Rxc2 46. Bxc2 Bd2 47. c4 Bc3 48. d5 Bb4 49. Kf3 Kf8 50. Ke4 Ke7 51. Ba4 1-0

[Event "Quebec-ch U16"]
[Site "Montreal CAN"]
[Date "2011.11.26"]
[Round "2"]
[White "Plante, Santiago"]
[Black "Isaev, Nikolay"]
[Result "0-1"]
[WhiteElo "1133"]
[BlackElo "1651"]
[PlyCount "52"]
[GameId "2160767909573437"]
[EventDate "2011.11.25"]
[EventType "swiss"]
[EventRounds "5"]
[EventCountry "CAN"]
[SourceTitle "EXT 2022"]
[Source "ChessBase"]
[SourceDate "2021.10.06"]
[SourceVersion "1"]
[SourceVersionDate "2021.10.06"]
[SourceQuality "1"]

1. d4 Nf6 2. c4 c5 3. d5 e6 4. Nc3 exd5 5. cxd5 d6 6. e4 g6 7. f4 Bg7 8. Bb5+ Nfd7 9. Nf3 a6 10. Bd3 O-O 11. O-O b5 12. a4 b4 13. Ne2 a5 14. Rb1 Ba6 15. Bxa6 Nxa6 16. Nd2 Nb6 17. b3 f5 18. exf5 Rxf5 19. Nc4 Rxd5 20. Qc2 Rh5 21. Nxa5 Qh4 22. h3 d5 23. Bb2 d4 24. Nc4 Nd5 25. Bc1 Re8 26. Bd2 Rxe2 0-1

[Event "Quebec-ch U16"]
[Site "Montreal CAN"]
[Date "2011.11.26"]
[Round "2"]
[White "Sprumont, Oscar"]
[Black "Guo, Forest"]
[Result "0-1"]
[WhiteElo "1817"]
[BlackElo "1949"]
[PlyCount "60"]
[GameId "2160767909573438"]
[EventDate "2011.11.25"]
[EventType "swiss"]
[EventRounds "5"]
[EventCountry "CAN"]
[SourceTitle "hb 2012"]

1. e4 c5 2. Nc3 d6 3. f4 Nc6 4. d3 g6 5. g3 Bg7 6. Bg2 Nf6 7. Nf3 O-O 8. O-O Rb8 9. Nh4 Bg4 10. Bf3 Bxf3 11. Qxf3 Nd4 12. Qg2 b5 13. f5 b4 14. Nd5 e6 15. Ne3 Nd7 16. Ng4 Ne5 17. Nxe5 dxe5 18. Qf2 exf5 19. exf5 Rb6 20. Nf3 Nxf5 21. Qxc5 Qc8 22. Qf2 Qc7 23. Qe2 Rc6 24. g4 Rxc2 25. Bd2 Qc5+ 26. Kh1 Nd4 27. Nxd4 Qxd4 28. b3 e4 29. Qd1 exd3 30. Rc1 Qd5+ 0-1

[Event "Quebec-ch U16"]
[Site "Montreal CAN"]
[Date "2011.11.25"]
[Round "3"]
[White "Bershtein, Anry Samuel"]
[Black "Robillard, Xavier"]
[Result "1-0"]
[WhiteElo "1183"]
[BlackElo "993"]
[PlyCount "29"]
[GameId "2160767909573439"]
[EventDate "2011.11.25"]
[EventType "swiss"]
[EventRounds "5"]
[EventCountry "CAN"]
[SourceTitle "hb 2012"]

1. e4 e5 2. Nf3 d6 3. Nc3 Nf6 4. Bc4 Be6 5. Bxe6 fxe6 6. d4 d5 7. dxe5 Nxe4 8. Nxe4 dxe4 9. Qxd8+ Kxd8 10. Ng5 Ke8 11. Nxe6 Bb4+ 12. c3 Bc5 13. Nxc5 Nc6 14. Bg5 Nxe5 15. O-O-O 1-0

[Event "Quebec-ch U16"]
[Site "Montreal CAN"]
[Date "2011.11.26"]
[Round "3"]
[White "Bissonnette, Raphael"]
[Black "Sprumont, Oscar"]
[Result "0-1"]
[WhiteElo "1071"]
[BlackElo "1817"]
[PlyCount "40"]
[GameId "2160767909573440"]
[EventDate "2011.11.25"]
[EventType "swiss"]
[EventRounds "5"]
[EventCountry "CAN"]
[SourceTitle "hb 2012"]

1. e4 e5 2. Nf3 Nc6 3. Bb5 a6 4. Ba4 Nf6 5. d3 Bc5 6. Bxc6 dxc6 7. O-O Bd6 8. Nc3 Bg4 9. h3 Bh5 10. Bg5 h6 11. Bh4 Qd7 12. Qe2 O-O-O 13. Bg3 g5 14. Qe3 Kb8 15. Nxe5 Qe6 16. f4 Rhg8 17. Bh2 gxf4 18. Qxf4 Qxh3 19. g3 Bxe5 20. Qxe5 Ng4 0-1

[Event "Quebec-ch U16"]
[Site "Montreal CAN"]
[Date "2011.11.26"]
[Round "3"]
[White "Guo, Forest"]
[Black "Cote-Lalumiere, Tristan"]
[Result "0-1"]
[WhiteElo "1949"]
[BlackElo "1868"]
[PlyCount "92"]
[GameId "2160767909573441"]
[EventDate "2011.11.25"]
[EventType "swiss"]
[EventRounds "5"]
[EventCountry "CAN"]
[SourceTitle "hb 2012"]

1. e4 c5 2. Nf3 d6 3. d4 cxd4 4. Nxd4 Nf6 5. Nc3 g6 6. Be3 Bg7 7. f3 Nc6 8. Qd2 O-O 9. Bc4 Bd7 10. O-O-O Rc8 11. Bb3 Ne5 12. Kb1 a6 13. g4 b5 14. a3 a5 15. Nd5 b4 16. axb4 axb4 17. Qxb4 Rb8 18. Qd2 Ra8 19. h4 Ra6 20. h5 Nxd5 21. Bxd5 e6 22. Bb3 Qa8 23. c3 Rb8 24. Qg2 Ba4 25. Bxa4 Rxa4 26. Bc1 Nc4 27. Kc2 Rxb2+ 28. Bxb2 Ne3+ 29. Kd2 Nxg2 30. hxg6 hxg6 31. Ke2 Ra2 32. Rd2 Bxd4 33. cxd4 Qa6+ 34. Kf2 Qb6 35. Rb1 Nf4 36. Kg3 g5 37. d5 e5 38. Rh2 Kf8 39. Rh8+ Ke7 40. Rh2 Nd3 41. Rd1 Nxb2 42. Rdd2 Qg1+ 43. Rhg2 Qe1+ 44. Kh2 Qh4+ 45. Kg1 Ra1+ 46. Rd1 Rxd1# 0-1

[Event "Quebec-ch U16"]
[Site "Montreal CAN"]
[Date "2011.11.26"]
[Round "3"]
[White "Isaev, Nikolay"]
[Black "Luo, Zhao Yang"]
[Result "0-1"]
[WhiteElo "1651"]
[BlackElo "1971"]
[PlyCount "92"]
[GameId "2160767909573442"]
[EventDate "2011.11.25"]
[EventType "swiss"]
[EventRounds "5"]
[EventCountry "CAN"]
[SourceTitle "EXT 2022"]
[Source "ChessBase"]
[SourceDate "2021.10.06"]
[SourceVersion "1"]
[SourceVersionDate "2021.10.06"]
[SourceQuality "1"]

1. e4 c6 2. Nc3 d5 3. Nf3 Bg4 4. h3 Bxf3 5. Qxf3 e6 6. exd5 cxd5 7. d4 Nc6 8. Be3 Qb6 9. O-O-O Bb4 10. Qg3 Bxc3 11. bxc3 g6 12. Bd3 Nge7 13. Kd2 Qa5 14. Rb1 b6 15. Ke2 Qxc3 16. Rb3 Nxd4+ 17. Bxd4 Qxd4 18. Qd6 Qc5 19. Bb5+ Kf8 20. Qe5 Qxc2+ 21. Ke3 Nf5+ 22. Kf3 Qe4+ 23. Qxe4 dxe4+ 24. Kxe4 Nd6+ 25. Ke5 Nxb5 26. Rxb5 Ke7 27. Rb2 Rac8 28. Rd1 Rc4 29. Rd4 Rhc8 30. Rbd2 Rxd4 31. Rxd4 Rc2 32. Ra4 a5 33. Ra3 Rxf2 34. Rb3 Re2+ 35. Kf4 Rxa2 36. Rxb6 Rxg2 37. Rb7+ Kf6 38. Ra7 Ra2 39. h4 h5 40. Ra8 a4 41. Ra7 a3 42. Ra8 Ra1 43. Ra7 a2 44. Rxf7+ Kxf7 45. Kg5 Rg1+ 46. Kh6 a1=Q 0-1

[Event "Quebec-ch U16"]
[Site "Montreal CAN"]
[Date "2011.11.26"]
[Round "3"]
[White "Nikulich, Oleksandr"]
[Black "Zvionow, Yigal"]
[Result "1-0"]
[WhiteElo "1832"]
[BlackElo "1394"]
[PlyCount "67"]
[GameId "2160767909573443"]
[EventDate "2011.11.25"]
[EventType "swiss"]
[EventRounds "5"]
[EventCountry "CAN"]
[SourceTitle "hb 2012"]

1. e4 Nc6 2. Nf3 b6 3. d4 e6 4. c3 g6 5. Bd3 d6 6. O-O Bg7 7. Bf4 d5 8. Re1 dxe4 9. Bxe4 Bb7 10. Ne5 Nge7 11. Qa4 Bxe5 12. Bxe5 O-O 13. Bf6 Qd7 14. Bxe7 Nb8 15. Qxd7 Nxd7 16. Bxb7 Rab8 17. Bxf8 Kxf8 18. Bc6 Nf6 19. Nd2 a6 20. Ne4 Kg7 21. Nxf6 Kxf6 22. Re3 b5 23. b4 Rb6 24. d5 exd5 25. Bxd5 Rd6 26. Rf3+ Kg7 27. Rxf7+ Kh6 28. Bf3 c6 29. h4 g5 30. Be4 gxh4 31. f4 Kh5 32. Bf5 h6 33. Rg7 h3 34. g3 1-0

[Event "Quebec-ch U16"]
[Site "Montreal CAN"]
[Date "2011.11.27"]
[Round "4"]
[White "Bissonnette, Raphael"]
[Black "Bershtein, Anry Samuel"]
[Result "1-0"]
[WhiteElo "1071"]
[BlackElo "1183"]
[PlyCount "91"]
[GameId "2160767909573444"]
[EventDate "2011.11.25"]
[EventType "swiss"]
[EventRounds "5"]
[EventCountry "CAN"]
[SourceTitle "hb 2012"]

1. d4 d5 2. c4 e5 3. e3 exd4 4. exd4 Nf6 5. Nc3 Bb4 6. a3 Bxc3+ 7. bxc3 O-O 8. Bd3 dxc4 9. Bxc4 Re8+ 10. Ne2 Nc6 11. O-O Bg4 12. f3 Bf5 13. Ng3 Bg6 14. Rb1 Bxb1 15. Qb3 Na5 16. Bxf7+ Kh8 17. Qxb1 Re7 18. Qb4 Nc6 19. Qxb7 Rxf7 20. Qxc6 Nd5 21. Bg5 Ne7 22. Qc4 Qf8 23. Re1 Nf5 24. Nxf5 Rxf5 25. Be7 Qf7 26. Qxc7 Qa2 27. Bc5 Rg5 28. g3 Qd2 29. Qe7 h6 30. Qe3 Qxe3+ 31. Rxe3 Rb8 32. f4 Rb1+ 33. Kg2 Rh5 34. h4 Rb2+ 35. Kf3 Rd5 36. Re5 Rd7 37. Re7 Rxe7 38. Bxe7 Rb3 39. Bb4 Rb1 40. c4 Rc1 41. c5 Rd1 42. Ke4 Kh7 43. d5 Kg6 44. d6 Re1+ 45. Kf3 Re8 46. c6 1-0

[Event "Quebec-ch U16"]
[Site "Montreal CAN"]
[Date "2011.11.27"]
[Round "4"]
[White "Guo, Forest"]
[Black "Isaev, Nikolay"]
[Result "0-1"]
[WhiteElo "1949"]
[BlackElo "1651"]
[PlyCount "82"]
[GameId "2160767909573445"]
[EventDate "2011.11.25"]
[EventType "swiss"]
[EventRounds "5"]
[EventCountry "CAN"]
[SourceTitle "EXT 2022"]
[Source "ChessBase"]
[SourceDate "2021.10.06"]
[SourceVersion "1"]
[SourceVersionDate "2021.10.06"]
[SourceQuality "1"]

1. e4 c5 2. Nf3 d6 3. d4 cxd4 4. Nxd4 Nf6 5. Nc3 g6 6. Be3 Bg7 7. f3 Nc6 8. Qd2 O-O 9. Bc4 Bd7 10. O-O-O Rc8 11. Bb3 Ne5 12. Kb1 a6 13. h4 h5 14. Bh6 b5 15. Bxg7 Kxg7 16. Nd5 Nxd5 17. exd5 a5 18. c3 b4 19. cxb4 axb4 20. g4 hxg4 21. h5 Rh8 22. hxg6 Nxg6 23. f4 f5 24. Ba4 Kf6 25. Ne6 Bxe6 26. Qd4+ Ne5 27. dxe6 Rxh1 28. Rxh1 Qa5 29. Bb3 Qa8 30. Re1 Rc5 31. fxe5+ Rxe5 32. Kc1 Qc6+ 33. Kd2 Qg2+ 34. Kd3 Qf3+ 35. Kd2 f4 36. Bd1 Qd5 37. Re4 Qxe4 38. Qxe4 Rxe4 39. Bxg4 Ke5 40. Kd3 d5 41. Kd2 Re3 0-1

[Event "Quebec-ch U16"]
[Site "Montreal CAN"]
[Date "2011.11.27"]
[Round "4"]
[White "Luo, Zhao Yang"]
[Black "Cote-Lalumiere, Tristan"]
[Result "1/2-1/2"]
[WhiteElo "1971"]
[BlackElo "1868"]
[PlyCount "53"]
[GameId "2160767909573446"]
[EventDate "2011.11.25"]
[EventType "swiss"]
[EventRounds "5"]
[EventCountry "CAN"]
[SourceTitle "hb 2012"]

1. d4 Nf6 2. Nf3 c5 3. e3 cxd4 4. exd4 g6 5. Bd3 Bg7 6. O-O O-O 7. Re1 a6 8. b3 b5 9. Nbd2 Bb7 10. c4 bxc4 11. bxc4 d5 12. Rb1 Qc7 13. Qb3 dxc4 14. Bxc4 Bxf3 15. Nxf3 Nc6 16. Qb6 Qd7 17. Qc5 e6 18. Rb6 Rfc8 19. Bxa6 Rc7 20. Bb5 Nxd4 21. Qxd4 Qxd4 22. Nxd4 Nd5 23. Rc6 Bxd4 24. Rd1 Rxc6 25. Bxc6 Rxa2 26. Rxd4 Rc2 27. Bh6 1/2-1/2

[Event "Quebec-ch U16"]
[Site "Montreal CAN"]
[Date "2011.11.27"]
[Round "4"]
[White "Sprumont, Oscar"]
[Black "Nikulich, Oleksandr"]
[Result "1-0"]
[WhiteElo "1817"]
[BlackElo "1832"]
[PlyCount "116"]
[GameId "2160767909573447"]
[EventDate "2011.11.25"]
[EventType "swiss"]
[EventRounds "5"]
[EventCountry "CAN"]
[SourceTitle "hb 2012"]

1. e4 e5 2. Nf3 Nc6 3. Bc4 Nf6 4. d3 Be7 5. c3 d6 6. b4 O-O 7. Qb3 Nd7 8. Be3 Nb6 9. Bxb6 axb6 10. a4 Qe8 11. Nbd2 Kh8 12. h4 f5 13. Kd1 Qg6 14. Kc2 fxe4 15. dxe4 Bg4 16. Rag1 h5 17. Kb2 Nd8 18. Be2 c6 19. g3 Ne6 20. Rg2 Nc7 21. Ng1 Be6 22. Qc2 d5 23. f3 d4 24. cxd4 exd4 25. b5 Nxb5 26. Bc4 Nc3 27. e5 Nxa4+ 28. Kb3 Nc5+ 29. Kb2 Qxc2+ 30. Kxc2 Bxc4 31. Nxc4 Ra2+ 32. Nb2 Na4 33. Kb3 Rxb2+ 34. Rxb2 Nxb2 35. Kxb2 c5 36. f4 c4 37. Nf3 Bc5 38. Ng5 Kg8 39. Ra1 d3 40. Kc3 b5 41. Ne4 Rc8 42. Rb1 Ra8 43. Nxc5 Ra3+ 44. Kd2 Ra2+ 45. Ke3 Re2+ 46. Kf3 c3 47. Nxd3 c2 48. Rc1 Rd2 49. Nb4 Rd4 50. Nxc2 Rc4 51. Ke3 b4 52. Kd2 b3 53. Ne3 Re4 54. Rb1 Rd4+ 55. Kc3 Re4 56. Kd3 Rb4 57. Rb2 b5 58. Nd5 Rc4 1-0

[Event "Quebec-ch U16"]
[Site "Montreal CAN"]
[Date "2011.11.27"]
[Round "5"]
[White "Bershtein, Anry Samuel"]
[Black "Kravets, Michael"]
[Result "0-1"]
[WhiteElo "1183"]
[BlackElo "1390"]
[PlyCount "78"]
[GameId "2160767909573448"]
[EventDate "2011.11.25"]
[EventType "swiss"]
[EventRounds "5"]
[EventCountry "CAN"]
[SourceTitle "hb 2012"]

1. e4 e5 2. Nf3 Nf6 3. Nc3 Nc6 4. g3 Bc5 5. Bg2 Ng4 6. O-O d6 7. h3 Nf6 8. Nd5 Nxe4 9. Qe1 Nf6 10. Nxf6+ Qxf6 11. d3 Bxh3 12. Bg5 Qf5 13. Bxh3 Qxf3 14. Bg2 Qg4 15. Bxc6+ bxc6 16. Qc1 f6 17. Bd2 Qf3 18. Qd1 Qxg3+ 19. Kh1 Bxf2 20. Rxf2 Qxf2 21. Qe1 Qd4 22. Bc3 Qd5+ 23. Kh2 h5 24. d4 h4 25. dxe5 dxe5 26. Ba5 h3 27. Qh1 Qxa5 28. Qxc6+ Kf7 29. Qd7+ Kf8 30. Rd1 Re8 31. Rd5 Qxa2 32. Qxc7 Qxb2 33. Qd6+ Re7 34. Qd8+ Re8 35. Qd6+ Kf7 36. Qc7+ Kg6 37. Rd2 Rc8 38. Qxa7 Rxc2 39. Rxc2 Qxc2+ 0-1